A Candid Revealing Biography of George Washington / (Record no. 187178)
[ view plain ]
| 000 -LEADER | |
|---|---|
| fixed length control field | 01065 a2200169 4500 |
| 003 - CONTROL NUMBER IDENTIFIER | |
| control field | NUST |
| 005 - DATE AND TIME OF LATEST TRANSACTION | |
| control field | 20230130161117.0 |
| 040 ## - CATALOGING SOURCE | |
| Transcribing agency | Nust |
| 082 ## - DEWEY DECIMAL CLASSIFICATION NUMBER | |
| Classification number | 920,WOO |
| 100 ## - MAIN ENTRY--PERSONAL NAME | |
| Personal name | Washington , george |
| 9 (RLIN) | 108117 |
| 245 ## - TITLE STATEMENT | |
| Title | A Candid Revealing Biography of George Washington / |
| Statement of responsibility, etc. | By W .E Woodward |
| 260 ## - PUBLICATION, DISTRIBUTION, ETC. | |
| Place of publication, distribution, etc. | GreenWood |
| Name of publisher, distributor, etc. | A Primier Book |
| 300 ## - PHYSICAL DESCRIPTION | |
| Extent | 296:p. |
| 505 ## - FORMATTED CONTENTS NOTE | |
| Formatted contents note | The Centeel Washington’s (Page-7), The Sense of Numbers (Page-13), Love and the Fairfaxes (Page-19), Raw Pride of Youth (Page-34), The Confident General Braddock (Page-45), The Objective Life (Page-53), The Colonial People (Page-77), Puritan and Other Morals (Page-86), Strom Genters (Page-105), The Wrath of Merchants (Page-115), The Iron Fisted Patriots (Page-124), Tar and Feathers (Page-146), The People Revolutions (Page-159), Thomas Paine and Thomas (Page-171), Washing Luck (Page-195), Washington and the Poltters (Page-207), Act Two (Page-234), Washington as Grand (Page-249), Dust and Ashes (Page-292). |
| 650 ## - SUBJECT ADDED ENTRY--TOPICAL TERM | |
| Topical term or geographic name entry element | George Washington |
| 9 (RLIN) | 108118 |
| 942 ## - ADDED ENTRY ELEMENTS (KOHA) | |
| Source of classification or shelving scheme | |
| Koha item type | Book |
| Call number prefix | 920,WOO |
| Withdrawn status | Lost status | Source of classification or shelving scheme | Damaged status | Not for loan | Permanent Location | Current Location | Shelving location | Date acquired | Full call number | Barcode | Date last seen | Price effective from | Koha item type | Public note |
|---|---|---|---|---|---|---|---|---|---|---|---|---|---|---|
| Military College of Signals (MCS) | Military College of Signals (MCS) | General Stacks | 12/12/2016 | 920,WOO | MCS29423 | 12/08/2016 | 12/12/2016 | Book | Almirah No.59, Shelf No.4 |
